000 00368nam a2200157Ia 4500
003 Ost
005 20260225132557.0
008 260225s9999||||xx |||||||||||||| ||und||
040 _cfsic
041 _afre
082 _a302.23
100 _aDominique diserens
_eAuteur
245 0 _aCinéma radio et télévision /
245 0 _cDominique diserens
942 _cكتاب
999 _c34503
_d34503